Central Library OPAC University of Rajshahi

Education, class, and nation : (Record no. 46347)

MARC details
000 -LEADER
fixed length control field 00957nam a2200289 a 4500
001 - CONTROL NUMBER
control field 46347
003 - CONTROL NUMBER IDENTIFIER
rucl marc code BD-RjUL
005 - DATE AND TIME OF LATEST TRANSACTION
control field 20211209054135.0
008 - FIXED-LENGTH DATA ELEMENTS--GENERAL INFORMATION
fixed length control field 160801s1976 nyua b 001 0 eng
020 ## - INTERNATIONAL STANDARD BOOK NUMBER
International Standard Book Number 0444990186
035 ## - SYSTEM CONTROL NUMBER
System control number (BD-RjUL)46465
040 ## - CATALOGING SOURCE
Original cataloging agency DLC
Transcribing agency DLC
Modifying agency DLC
Language of cataloging eng
041 ## - LANGUAGE CODE
Language code of text/sound track or separate title eng
082 00 - DEWEY DECIMAL CLASSIFICATION NUMBER
Classification number 370.983
Author mark and year SIE 1976
100 1# - MAIN ENTRY--PERSONAL NAME
Personal name Silvert, Kalman H.
9 (RLIN) 141525
245 10 - TITLE STATEMENT
Title Education, class, and nation :
Remainder of title the experiences of Chile and Venezuela /
Statement of responsibility, etc. Kalman H. Silvert, Leonard Reissman.
260 ## - PUBLICATION, DISTRIBUTION, ETC. (IMPRINT)
Place of publication, distribution, etc. New York :
Name of publisher, distributor, etc. Elsevier,
Date of publication, distribution, etc. c1976.
300 ## - PHYSICAL DESCRIPTION
Pagination xvi, 242 p. :
Illustrations ill. ;
Size 24 cm.
504 ## - BIBLIOGRAPHY, ETC. NOTE
Bibliography, etc Includes bibliographical references and index.
650 #0 - SUBJECT ADDED ENTRY--TOPICAL TERM
Topical term or geographic name as entry element Education
Geographic subdivision Chile.
9 (RLIN) 141526
Topical term or geographic name as entry element Education
Geographic subdivision Venezuela.
9 (RLIN) 141527
Topical term or geographic name as entry element Educational sociology
Geographic subdivision Chile.
9 (RLIN) 141528
Topical term or geographic name as entry element Educational sociology
Geographic subdivision Venezuela.
9 (RLIN) 141529
700 1# - ADDED ENTRY--PERSONAL NAME
Personal name Reissman, Leonard,
Relator term joint author.
942 ## - ADDED ENTRY ELEMENTS (KOHA)
Source of classification or shelving scheme Dewey Decimal Classification
Koha item type Books
Holdings
Lost status Source of classification or shelving scheme Damaged status Not for loan Collection code Permanent Location Current Location Shelving location Date acquired Source of acquisition Total Checkouts Full call number Date last seen Copy number Koha item type
  Dewey Decimal Classification     Non-fiction Central Library, University of Rajshahi Central Library, University of Rajshahi   04/10/1980 Netherland   370.983 SIE 1976 01/08/2016 C-2 Books